Borderlands Manufacturers - Statistics

General Stats
  • This quiz has been taken 211 times
  • The average score is 9 of 15
Answer Stats
Hint Manufacturer % Correct
In lore high tech, and was once run by Handsome Jack. Shielding was their gimmick in BL2 and TPS but is now personal shielding Hyperion
95%
The antagonists of Borderlands 1 and wastaken over by Hyperion in BL2 but is now run by Rhys after the events of TFTBL and their new gimmick is tracking bullets Atlas
79%
Based on the planet of Eden-6, thiscompany'sgimmick is ricochet bullets and only has manual
guns
Jakobs
79%
Used to be run by an NPC in BL2, until the Headhunter Pack, The Horrible Hunger of the Ravenous Wattle Gobbler and their gimmick is EXPLOSIONS Torgue
78%
Only in Borderlands 2, these guns weremade by the bandits of Pandora Bandit
76%
This company is a laughing stock ofBorderlands Lore due to their cheap guns and in game can be thrown on the ground instead of reloading and can help you by acting as a grenade or following you around shooting enemies Tediore
76%
Creator of the Echo-3 and built mostof the 'infrastructure' of Pandora and the gimmick is an guaranteed alternate shooting mode Dahl
69%
This company is a depiction of the Soviet Union in space and does not have much lore/information on them, their gimmick is high ammo consumption and high fire rate Vladof
67%
These guns were made by an extinct race ofbeings that made the vaults and these guns do not have a gimmick but one unique gun created by them is the Eridian Fabricator found in the Vault of the Serpent Eridian
59%
The new company of Borderlands 3, thiscompany is run by the Calypso Twins and does not require reloading but will overheat if fired for too long COV
56%
The other shield manufacturer of the seriesand is the yang to the other shield company as they value higher shield capacity rather than rapid charging Pangolin
45%
Non-Canon company and is mainly obtainedby getting the GOTY version of Borderlands 1 Gearbox
37%
One of the only shield manufacturers in theseries and their gimmick is rapidly charging shields Anshin
35%
This company was only in The Pre Sequeland was made by the bandits on Elpis, Pandora's Moon Scav
35%
Only ammunition manufacturer in the series and is in every game. S&S Munitions
16%
No matching quizzes found
Score Distribution
Percent of People with Each Score
Percentile by Number Answered
Your Score History
You have not taken this quiz